Hungarikum a makói hagyma a terméktanács - alkupozícióban /
Elmentve itt :
| Szerző: | |
|---|---|
| Dokumentumtípus: | Cikk |
| Megjelent: |
2000-01-27
|
| Sorozat: | Délmagyarország
90 No. 22 |
| Kulcsszavak: | Makó, Hagymatermesztés Makó történet, Hagyma Terméktanács, Makói Hagymatermelési Rendszer, Hagymatermelők szerveződése történet |
| Online Access: | http://dmarchiv.bibl.u-szeged.hu/86629 |
| LEADER | 00616nab a2200157 i 4500 | ||
|---|---|---|---|
| 001 | delm86629 | ||
| 005 | 20191030100500.0 | ||
| 008 | 191030s2000 hu o 0|| hun d | ||
| 040 | |a SZTE Délmagyarország Archívum |b hun | ||
| 041 | |a hun | ||
| 100 | 1 | |a Füleki László | |
| 245 | 1 | 0 | |a Hungarikum a makói hagyma |h [elektronikus dokumentum] : |b a terméktanács - alkupozícióban / |c Füleki László |
| 260 | |c 2000-01-27 | ||
| 300 | |a 6 | ||
| 490 | 0 | |a Délmagyarország |v 90 No. 22 | |
| 695 | |a Makó, Hagymatermesztés Makó történet, Hagyma Terméktanács, Makói Hagymatermelési Rendszer, Hagymatermelők szerveződése történet | ||